La Parròquia de Sant Martí d'Avià (907 - 2007) / Ramon Viladés Llorens
ISBN:
84-932012-4-3
Descripción Física:
205 p. : fot. algunes col. ; 24 cm
Colección:
Roc tou ; 5
Otros Autores:
Centre d'Estudis d'Avià
MARC
| LEADER | 00000nam a2200000Ia 4500 | ||
|---|---|---|---|
| 001 | 21313 | ||
| 008 | 160829s2007 xx 000 0 cat d | ||
| 020 | |a 84-932012-4-3 | ||
| 080 | |a M-6-176 | ||
| 100 | |a Viladés Llorens, Ramon |9 41026 | ||
| 245 | |a La Parròquia de Sant Martí d'Avià (907 - 2007) / Ramon Viladés Llorens | ||
| 260 | |a Avià : |b Centre d'Estudis d'Avià, |c 2007 | ||
| 300 | |a 205 p. : |b fot. algunes col. ; |c 24 cm | ||
| 490 | |a Roc tou ; 5 | ||
| 590 | |a Edició patrocinada per l'Ajuntament d'Avià | ||
| 650 | |a Avià |x Història local Ii. Sant Martí d'Avià |9 41027 | ||
| 700 | |a Centre d'Estudis d'Avià |9 41028 | ||
| 710 | 1 | |a Avià (Catalunya). |b Ajuntament |9 53089 | |
| 901 | |a Arxiu | ||
| 942 | |n 1 | ||
| 952 | |0 0 |1 0 |4 0 |6 M6176 |7 1 |9 50000 |a Arxiu |b Arxiu |d 2016-12-01 |l 0 |o M-6-176 |p 21313 |r 2016-12-01 00:00:00 |w 2016-12-01 |y ARXIU | ||
| 999 | |c 53842 |d 53842 | ||